000 01053cam a2200337 a 4500
999 _c678
_d678
001 2116381
003 CaAEU
005 20210616094942.0
008 930908s1993 onc 0 0 eng d
020 _a0131444867
035 _aocm27680149
040 _beng
_cALUPE UNIVERSITY
_dALUPE UNIVERSITY
_eALUPE UNIVERSITY
043 _an-cn---
055 3 _aHD 31
_bG852 1993
090 _aHD 31 G852 1993
100 1 _aGriffin, Ricky W.
245 1 0 _aBusiness /
_cRicky W. Griffin, Ronald J. Ebert, Frederick A. Starke.
250 _a1st Canadian ed.
260 _aScarborough, Ont. :
_bPrentice Hall Canada,
_cc1993.
300 _axxiii, 723 p. :
_bcol. ill. ;
_c29 cm.
336 _atext
_btxt
_2rdacontent
337 _aunmediated
_bn
_2rdamedia
338 _avolume
_bnc
_2rdacarrier
650 0 _aIndustrial management.
650 0 _aBusiness enterprises.
650 0 _aIndustrial management
_zCanada.
650 0 _aBusiness enterprises
_zCanada.
700 1 _aEbert, Ronald J.
700 1 _aStarke, Frederick A.,
_d1942-
942 _2lcc
_cBK
_nDO